000 00757nam a2200229Ia 4500
003 GCL
008 140319s9999 xx 000 0 ara d
040 _aGCL /
_cGCL
082 0 4 _a709.01
_bا ف
100 1 _aجمال الدين الخضور
245 1 0 _aالفن عند الانسان البدائى /
_cجمال الدين الخضور
700 1 _aايلينيك ، يان
250 _aالاولى
260 _aسوريا :
_bدار الحصاد للنشر والتوزيع ،
_c1994
300 _a320 ص ؛
_c24 سم
650 0 4 _aالفن الزخرفى
650 0 4 _aالفن القديم
650 0 4 _aالرمزية فى الفن
650 0 4 _aالفن - تاريخ ونقد
650 0 4 _aالفن - تاريخ
942 _2ddc
_cBK
999 _c44101
_d44101